Integrated Aquaculture / (Record no. 17283)

MARC details
000 -LEADER
fixed length control field 00664cam a2200229 a 4500
003 - CONTROL NUMBER IDENTIFIER
control field BD-DhSAU
005 - DATE AND TIME OF LATEST TRANSACTION
control field 20231108154217.0
008 - FIXED-LENGTH DATA ELEMENTS--GENERAL INFORMATION
fixed length control field 861024s 2021ii a b 001 0 eng
020 ## - INTERNATIONAL STANDARD BOOK NUMBER
International Standard Book Number 9788170356790
040 ## - CATALOGING SOURCE
Original cataloging agency BD-DhSAU
082 ## - DEWEY DECIMAL CLASSIFICATION NUMBER
Edition number 22
Classification number 639.80954
Item number Ah43
100 ## - MAIN ENTRY--PERSONAL NAME
Personal name Ahilan, B.
245 10 - TITLE STATEMENT
Title Integrated Aquaculture /
Statement of responsibility, etc. B. Ahilan, K. Ravaneshwaran and P. Kumaravel
260 ## - PUBLICATION, DISTRIBUTION, ETC. (IMPRINT)
Place of publication, distribution, etc. New Delhi :
Name of publisher, distributor, etc. Daya Publishing House,
Date of publication, distribution, etc. c2021
300 ## - PHYSICAL DESCRIPTION
Extent x, 142 p. :
Other physical details ill. ;
Dimensions 22cm.
504 ## - BIBLIOGRAPHY, ETC. NOTE
Bibliography, etc Include bibliographical references and index
590 ## - Name of Cataloguer
Name of Cataloger kobir
650 #0 - SUBJECT ADDED ENTRY--TOPICAL TERM
Topical term or geographic name as entry element Aquaculture
700 ## - ADDED ENTRY--PERSONAL NAME
Personal name Ravaneshwaran, K.
700 ## - ADDED ENTRY--PERSONAL NAME
Personal name Kumaravel, P.
942 ## - ADDED ENTRY ELEMENTS (KOHA)
Source of classification or shelving scheme Dewey Decimal Classification
Koha item type Book
Holdings
Withdrawn status Lost status Source of classification or shelving scheme Damaged status Not for loan Collection code Home library Branch Name Shelving location Date acquired Cost, normal purchase price Total Checkouts Full call number Barcode Date last seen Price effective from Koha item type Public note
    Dewey Decimal Classification   Not For Loan Reference SAU Library SAU Library General Stacks 21/06/2023 1393.00   639.80954 Ah43 44810 08/11/2023 08/11/2023 Book Purchase